| 000 | 00534cam a2200181 a 4500 | ||
|---|---|---|---|
| 020 | _a9780387745022 | ||
| 082 |
_a519.72 _bLUE/DA |
||
| 100 | 1 | _aLuenberger, David G., | |
| 245 | 1 | 0 | _aLinear and nonlinear programming / |
| 250 | _a3rd ed. (Indian ed) | ||
| 260 |
_aNew York, NY : _bSpringer, _cc2008. |
||
| 300 |
_axiii, 546 p. : _bill. ; |
||
| 490 | 0 | _aInternational series in operations research and management science | |
| 650 | 0 | _aLinear programming. | |
| 650 | 0 | _aNonlinear programming. | |
| 700 | 1 | _aYe, Yinyu. | |
| 942 | _cBK | ||
| 999 |
_c13714 _d13714 |
||